01287cam a2200313 a 450000100100000000500170001000800410002702000310006802000240009902000240012303500190014704000300016604300120019608200200020824500890022826000510031730000340036850400700040250500550047261000480052765000500057570000270062571000390065291000340069104900090072595201120073495201120084699900150095800000649920200929153936.0970604s1995 ck ac b f001 0 spa  a9586122360 (obra completa) a9586122379 (tomo 1) a9586122387 (tomo 2) a(DLC) 97158133 aDO-SdBNPbspacDLCdBNPHU as-ck--- a069.09861bI89m00aItinerario del Museo Nacional de Colombia, 1823-1994 /cMartha Segura [compiladora]. aBogotá :bMuseo Nacional de Colombia,c1995. a2 v. :bil., retrs. ;c23 cm. aIncluye referencias bibliográficas índices (v. 2, p. 307-314)0 at. 1. Cronología -- t. 2. Historia de las sedes.14aMUSEO NACIONAL DE COLOMBIAxHISTORIA918016 4aMuseo históricoxBogotá (colombia)9180171 aSegura, Martha.9180182 aMuseo Nacional de Colombia.918019 aCatalogación por copia / LC aBNGR 001052708MOaGRbGRcCTd2009-08-31iLF1l0ov.1p6499-10r2020-06-25w2020-06-25y2ZPréstamo interno 001052708MOaGRbGRcCTd2009-08-31iLF1l0ov.2p6499-20r2020-06-25w2020-06-25y2ZPréstamo interno c6290d6290